00640nam a2200193Ia 4500008004100000020001300041082001700054100002500071245007200096250000700168260003400175300002800209500001900237600003400256650001500290942000700305952011900312999001500431240925s9999 xx 000 0 und d a71198482 a621.3821 GAR aLeon-Garcia, Alberto 0aCommunication Networks: fundamentals concepts and key architectures aNA aBoston:bMC Graw-Hillc,2004. axx,891p.bNAfPhotocopy aIncludes Index aTelecommunication Engineering aTechnology cBK 001040708ELaUITUbUITUd2005-02-22eF.B.Cg600.00l0o621.3821 GARpQ6083r2024-09-25 07:14:04w2024-09-25yBK c8582d8582